000 00860nam a2200217Ia 4500
003 Ost
005 20260507075524.0
008 260507s9999||||xx |||||||||||||| ||und||
020 _a92379899579
040 _cfsecg
041 _aara
082 _a330
100 _aحمداوي، الطاوس
_eمؤلف
245 0 _aتقييم المشاريع /
_c الطاوس حمداوي
260 _aعمان:
_bدار الاعصار العلمي للنشر,
_c2016
300 _a155 صفحة؛
_bإيضاحات ؛
_c25 سم
520 _aتقييم مشاريع الاستثمار في ظل التأكد،تقييم مشاريع الاستثمار في وضعية عدم التأكد،عناصر تسيير المحفظة المالية،تكلفة الرأسمال
653 _aإدارة الأعمال
653 _aالمشروعات
942 _cكتاب
999 _c44789
_d44789